| 000 | 00409nam a22001097a 4500 | ||
|---|---|---|---|
| 999 |
_c6865 _d6865 |
||
| 008 | 200401b ||||| |||| 00| 0 eng d | ||
| 245 |
_aUjenzi wa Uwezo wa Asasi za Kiraia Tanzania: _bTaarifa ya Mwaka 2006/ _cThe Foundation for Civil Society.- _hEnglish. |
||
| 260 |
_aDar Es Salaam: _bThe Foundation for Civil Society, _c2006. |
||
| 300 |
_a96p; _bPictures, _c30cm.- |
||
| 650 | _2CIVIL SOCIETIES | ||
| 942 |
_2ddc _cBOOKS |
||